| 000 | 00404pam a2200157a 44500 | ||
|---|---|---|---|
| 008 | 230405s2017 xxu||||| |||| 00| 0 eng d | ||
| 041 | _aENG | ||
| 100 | _aFALCONER D S | ||
| 245 | _aINTRO TO QUANTITATIVE GENETIES | ||
| 250 | _aED IV Ed. | ||
| 260 |
_aLANDON _bLONGMAN _c2017 |
||
| 300 | _a464p. | ||
| 440 | _aUNIVERSAL BOOK STOLL, PUNE, B-148, DT-16/09/2003 | ||
| 700 | _aMACKAY F C | ||
| 906 | _a595 | ||
| 999 |
_c289473 _d289473 |
||